| 000 | 00915cam a2200277 a 4500 | ||
|---|---|---|---|
| 001 | 000011787 | ||
| 005 | 20200929162550.0 | ||
| 008 | 780606s1974 sp a b 001 0 spa | ||
| 020 | _a8470080563 | ||
| 035 | _a(DLC) 75585656 | ||
| 040 |
_aDO-SdBNP _cICU _dICU _dDLC _dBNPHU |
||
| 050 | 0 | 0 |
_aP158 _b.L58 |
| 082 |
_axxxx _bL864i |
||
| 100 | 1 |
_aLópez Morales, Humberto. _95734 |
|
| 245 | 1 | 0 |
_aIntroduccion a la lingüística generativa / _cHumberto López Morales. |
| 260 |
_aMadrid : _bAlcalá, _c1974. |
||
| 300 |
_a225 p. : _bil. ; _c24 cm. |
||
| 490 | 1 |
_aColeccion Romania ; _v16. _aSerie Lingüística |
|
| 500 | _aIncluye glosario de términos. | ||
| 504 | _aIncluye bibliografía: p. 217-224. | ||
| 650 | 0 |
_aGenerative grammar. _927888 |
|
| 830 | 0 |
_aColeccion Romania ; _v16. _927889 |
|
| 830 | 0 |
_aColeccion Romania. _pSerie Lingiistica. _927890 |
|
| 910 | _aCatalogación por copia / LC | ||
| 049 | _aBNGR | ||
| 999 |
_c11461 _d11461 |
||